000 00610 a2200205 4500
999 _c32105
_d32105
003 OSt
005 20260121110109.0
008 260121b ||||| |||| 00| 0 eng d
020 _a978 1 3986 0000 3
040 _c.
082 _a658.7
_bS9743
100 _96521
_aSweeney, Edward
_eEditor
245 _aGlobal logistics : new directions in supply chain management /
_cedited by Edward Sweeney and Donald Waters
250 _a8th ed.
260 _bKogan Page,
_aLondon :
_c2021.
300 _a454 p.
650 0 _96484
_aSupply Chain Management
700 _96522
_aWaters, Donald
_eEditor
942 _2ddc
_cBK